000 00644cab a2200193 4500
001 ABS41885
008 090401t1989 xxu||||| |||| 00| 0 eng d
035 _a(Sirsi) u33258
041 _aeng
100 _aMynors, C.
245 _aControlling the display of outdoor advertisements
260 _c1989
350 _a0
490 _aSolicitors` Journal
_v133(50) 15 December 1989 1594-1597(4)
520 _aDiscusses the Control of Advertisements Regulations 1989 under which consent is required for advertisements : special mention of estate agents ` boards .
690 _aPLANNING LAW AND PRACTICE
942 _n0
948 _c04/03/1997
999 _c22230
_d22230